| 000 -CABECERA |
| Longitud fija campo de control |
01068nam a22002537a 4500 |
| 003 - IDENTIFICADOR DEL NÚMERO DE CONTROL |
| Identificador del número de control |
OSt |
| 005 - FECHA Y HORA DE LA ÚLTIMA TRANSACCIÓN |
| Fecha y hora de la última transacción |
20151026133603.0 |
| 008 - CÓDIGOS DE INFORMACIÓN DE LONGITUD FIJA |
| Códigos de información de longitud fija |
130718b xxu||||| |||| 00| 0 eng d |
| 040 ## - FUENTE DE LA CATALOGACIÓN |
| Centro transcriptor |
CDMR |
| 100 1# - PUNTO DE ACCESO PRINCIPAL-NOMBRE DE PERSONA |
| 9 (RLIN) |
3976 |
| Nombre de persona |
Piazzo, Virginia |
| 245 10 - MENCIÓN DE TÍTULO |
| Título |
Crisis en la web 2.0 |
| Resto del título |
: gestión de la comunicación para preservar la imagen y la reputación organizacional online |
| Mención de responsabilidad, etc. |
Virginia Piazzo ; Joaquim Puig González (director) |
| Medio |
[recurs electrònic] |
| 260 ## - PUBLICACIÓN, DISTRIBUCIÓN, ETC. (PIE DE IMPRENTA) |
| Lugar de publicación, distribución, etc. |
Bellaterra |
| Fecha de publicación, distribución, etc. |
2012 |
| 502 ## - NOTA DE TESIS |
| Nota de tesis |
Tesi defensada el 25 de juliol de 2012, |
| Nombre de la institución que otorga el tí,tulo |
Universitat Autònoma de Barcelona. Departament de Comunicació Audiovisual i de Publicitat |
| 650 04 - PUNTO DE ACCESO ADICIONAL DE MATERIA - TÉRMINO DE MATERIA |
| 9 (RLIN) |
3137 |
| Término de materia o nombre geográfico como elemento inicial |
Web 2.0 |
| 650 04 - PUNTO DE ACCESO ADICIONAL DE MATERIA - TÉRMINO DE MATERIA |
| 9 (RLIN) |
2798 |
| Término de materia o nombre geográfico como elemento inicial |
Comunicació en l'empresa |
| 650 04 - PUNTO DE ACCESO ADICIONAL DE MATERIA - TÉRMINO DE MATERIA |
| 9 (RLIN) |
3978 |
| Término de materia o nombre geográfico como elemento inicial |
Reputació en línia |
| 650 04 - PUNTO DE ACCESO ADICIONAL DE MATERIA - TÉRMINO DE MATERIA |
| 9 (RLIN) |
3396 |
| Término de materia o nombre geográfico como elemento inicial |
Màrqueting |
| 650 04 - PUNTO DE ACCESO ADICIONAL DE MATERIA - TÉRMINO DE MATERIA |
| 9 (RLIN) |
3128 |
| Término de materia o nombre geográfico como elemento inicial |
Xarxes socials en línia |
| 650 04 - PUNTO DE ACCESO ADICIONAL DE MATERIA - TÉRMINO DE MATERIA |
| 9 (RLIN) |
2994 |
| Término de materia o nombre geográfico como elemento inicial |
Tesis i dissertacions acadèmiques |
| 700 1# - PUNTO DE ACCESO ADICIONAL - NOMBRE DE PERSONA |
| 9 (RLIN) |
3977 |
| Nombre de persona |
Puig González, Joaquim |
| 710 2# - PUNTO DE ACCESO ADICIONAL - NOMBRE DE ENTIDAD |
| 9 (RLIN) |
3477 |
| Nombre de entidad o nombre de jurisdicción como elemento inicial |
Universitat Autònoma de Barcelona |
| 856 40 - LOCALIZACIÓN Y ACCESO ELECTRÓNICO |
| Texto del enlace |
Disponible en línia (TDX) |
| Identificador Uniforme del Recurso (URI) |
<a href="http://hdl.handle.net/10803/96276">http://hdl.handle.net/10803/96276</a> |
| 942 ## - ENTRADA DE ELEMENTOS AGREGADOS (KOHA) |
| Fuente de clasificaión o esquema |
|
| Koha [por defecto] tipo de item |
Tesines en línia |